Equipe Type Stade Brestois saison 2025/2026 - Statistiques

Statistiques générales
  • Ce quiz a été pris 39 fois
  • Le résultat moyen est 9 sur 11
Statistiques - réponses
% Correct
Ludovic Ajorque
100%
Kenny Lala
97%
Bradley Locko
94%
Brendan Chardonnet
94%
Romain Del Castillo
94%
Hugo Magnetti
91%
Kamory Doumbia
84%
Joris Chotard
72%
Mama Baldé
72%
Junior Diaz
69%
Radoslaw Majecki
69%
Aucun quiz correspondant
Distribution des résultats
% des personnes avec chaque résultat
Percentile par nombre de réponses
Votre historique - résultats
Vous n’avez pas pris ce quiz